Measuring Social Unrest Using Media Reports /

We present a new index of social unrest based on counts of relevant media reports. The index consists of individual monthly time series for 130 countries, available with almost no lag, and can be easily and transparently replicated. Spikes in the index identify major events, which correspond very cl...

Täydet tiedot

Bibliografiset tiedot
Päätekijä: Barrett, Philip
Muut tekijät: Appendino, Maximiliano, de Leon Miranda, Jorge, Nguyen, Kate
Aineistotyyppi: Aikakauslehti
Kieli:English
Julkaistu: Washington, D.C. : International Monetary Fund, 2020.
Sarja:IMF Working Papers; Working Paper ; No. 2020/129
Aiheet:
Linkit:Full text available on IMF
LEADER 02174cas a2200349 a 4500
001 AALejournalIMF021097
008 230101c9999 xx r poo 0 0eng d
020 |c 5.00 USD 
020 |z 9781513550275 
022 |a 1018-5941 
040 |a BD-DhAAL  |c BD-DhAAL 
100 1 |a Barrett, Philip. 
245 1 0 |a Measuring Social Unrest Using Media Reports /  |c Philip Barrett, Maximiliano Appendino, Kate Nguyen, Jorge de Leon Miranda. 
264 1 |a Washington, D.C. :  |b International Monetary Fund,  |c 2020. 
300 |a 1 online resource (87 pages) 
490 1 |a IMF Working Papers 
500 |a <strong>Off-Campus Access:</strong> No User ID or Password Required 
500 |a <strong>On-Campus Access:</strong> No User ID or Password Required 
506 |a Electronic access restricted to authorized BRAC University faculty, staff and students 
520 3 |a We present a new index of social unrest based on counts of relevant media reports. The index consists of individual monthly time series for 130 countries, available with almost no lag, and can be easily and transparently replicated. Spikes in the index identify major events, which correspond very closely to event timelines from external sources for four major regional waves of social unrest. We show that the cross-sectional distribution of the index can be simply and precisely characterized, and that social unrest is associated with a 3 percentage point increase in the frequency of social unrest domestically and a 1 percent increase in neighbors in the next six months. Despite this, social unrest is not a better predictor of future social unrest than the country average rate. 
538 |a Mode of access: Internet 
650 7 |a Appendix E  |2 imf 
650 7 |a Arabic Language  |2 imf 
650 7 |a Political Science  |2 imf 
650 7 |a Social Unrest  |2 imf 
650 7 |a WP  |2 imf 
651 7 |a Thailand  |2 imf 
700 1 |a Appendino, Maximiliano. 
700 1 |a de Leon Miranda, Jorge. 
700 1 |a Nguyen, Kate. 
830 0 |a IMF Working Papers; Working Paper ;  |v No. 2020/129 
856 4 0 |z Full text available on IMF  |u http://elibrary.imf.org/view/journals/001/2020/129/001.2020.issue-129-en.xml  |z IMF e-Library